| 000 | 01654nam a22003497a 4500 | ||
|---|---|---|---|
| 003 | OSt | ||
| 005 | 20260420171358.0 | ||
| 008 | 250404b mp ||||| |||| 00| 0 mon d | ||
| 022 | _a992981318 | ||
| 040 |
_aЭрүүл Мэндийн Шинжлэх ухааны төв номын сан _bmon _erda |
||
| 082 |
_221 _a610 _bН 276 |
||
| 100 |
_aНамуун, Г. _eсудлаач _949133 |
||
| 245 | _a Эрүүл мэндийн анхан шатны тусламж үйлчилгээний байгууллагын хүний нөөцийн тогтвортой байдлын судалгаа // | ||
| 264 |
_aУлаанбаатар _c2021 |
||
| 300 | _aХ.241-245 | ||
| 440 |
_aЭрүүл Мэндийн Шинжлэх Ухаан: _v2021 Vol. 17, №6 (62) _964992 |
||
| 546 |
_aмонгол _bкирилл |
||
| 653 | 4 | _aхүний нөөц | |
| 653 | 4 | _aажилласан жил | |
| 653 | 4 | _aтогтвортой байдал | |
| 653 | 4 | _aөрхийн эмт | |
| 653 | 4 | _aсумын эмт | |
| 653 | 4 | _aсдэ | |
| 700 | 0 |
_aНамуун, Г. _eсудлаач _949133 |
|
| 700 | 0 |
_aДаваалхам, Д. _eсудлаач _93407 |
|
| 700 | 0 |
_aБатмандуул, Э. _eсудлаач _948871 |
|
| 700 | 0 |
_aПүрэвгэрэл, А. _eсудлаач _943090 |
|
| 700 | 0 |
_aХоролсүрэн, Л. _eсудлаач _970773 |
|
| 710 |
_aАнагаахын Шинжлэх Ухааны Үндэсний Их Сургууль _941530 _eНЭМС |
||
| 856 |
_uhttp://library.mnums.edu.mn/cgi-bin/koha/opac-detail.pl?biblionumber=31050 _zЭРҮҮЛ МЭНДИЙН ШИНЖЛЭХ УХААН 2021 Vol. 17, №6 (62) |
||
| 942 |
_2ddc _cARTICLE |
||
| 999 |
_c34446 _d34446 |
||